| 000 | 00665pam a2200217 a 4500 | ||
|---|---|---|---|
| 001 | 2506200 | ||
| 005 | 20241031132735.0 | ||
| 008 | 921120s1994 maua b 001 0 eng | ||
| 020 | _a0201549832 | ||
| 050 | 0 | 0 |
_aQA39.2 _b.G748 1994 |
| 082 | 0 | 0 |
_a510 _220 |
| 100 | 1 | _aGrimaldi, Ralph P. | |
| 245 | 1 | 0 |
_aDiscrete and combinatorial mathematics : _ban applied introduction / _cRalph P. Grimaldi. |
| 250 | _a3rd ed. | ||
| 260 |
_aReading, Mass. : _bAddison-Wesley, _cc1994. |
||
| 300 |
_axvi, 874, [149] p. : _bill. ; _c24 cm. |
||
| 650 | 0 | _aMathematics. | |
| 650 | 0 |
_aComputer science _xMathematics. |
|
| 650 | 0 | _aCombinatorial analysis. | |
| 942 |
_2lcc _cBK _e3rd Ed. _n0 |
||
| 999 |
_c459 _d459 |
||